Statistics for Place Value

Click here to take the quiz!

General Stats

  • This quiz has been taken 9 times
  • The average score is 8 of 28

Answer Stats

HintAnswer% Correct
2Billion
100%
1Million
100%
3Trillion
100%
4Quadrillion
89%
7Septillion
78%
8Octillion
67%
6Sextillion
67%
10Decillion
56%
5Quintillion
56%
9Nonillion
44%
100Centillion
22%
11Undecillion
22%
19Novemdecillion
11%
18Octodecillion
11%
13Tredecillion
11%
20Vigintillion
11%
12Duocentillion
0%
90Nonagintillion
0%
80Octogintillion
0%
40Quadragintillion
0%
14Quattuordecillion
0%
15Quindecillion
0%
50Quinquagintillion
0%
17Septendecillion
0%
70Septuagintillion
0%
60Sexagintillion
0%
16Sexdecillion
0%
30Trigintillion
0%

Score Distribution

Percentile by Number Answered

Percent of People with Each Score

Your Score History

You have not taken this quiz